000
00338nam a2200145Ia 4500
008
150201s2009 xx 000 0 und d
082
_a
617
_b
C09K
100
_a
KOCHAR, S.K.
245
_a
COMMON SERGICAL EMERGENCIES
250
_a
2ND
260
_b
JAYPEE BROTHERS
_a
DELHI
_c
2009
300
_a
1-546
650
_a
SURGERY
942
_2
ddc
_c
BK
999
_c
148
_d
148